| 000 | 00571nam a2200157Ia 4500 | ||
|---|---|---|---|
| 003 | SGT | ||
| 020 | _a9788174092656 | ||
| 082 |
_a621.381 _bPRA |
||
| 100 | _aPrasad,Rajendra | ||
| 245 | _aElectronic measurements & instrumentation | ||
| 260 |
_bKhanna Books Publishing Co. Ltd. _aN. Delhi _c2012 |
||
| 300 | _a870p. | ||
| 650 | _aELECTRONICS INGINEERING | ||
| 653 | _aINTRODUCTION,CHARACTERISTICS OF INSTRUMENTS,ERRORS IN MEASUREMENT AND THEIR ANALYSIS,INDICATING INSTRUMENTS,ELECTRONIC MEASURING INSTRUMENTS,CATHODE RAY OSCILLOSCOPE,ELECTRONIC COUNTERS | ||
| 942 |
_2ddc _cBK |
||
| 999 |
_c5686 _d5686 |
||